<?xml version="1.0" encoding="UTF-8"?><marc:collection xmlns:marc="http://www.loc.gov/MARC21/slim">
  <marc:record>
    <marc:leader>00000nam##2200000za#4500</marc:leader>
    <marc:controlfield tag="001">9.590330</marc:controlfield>
    <marc:controlfield tag="003">CaOODSP</marc:controlfield>
    <marc:controlfield tag="005">20210624200056</marc:controlfield>
    <marc:controlfield tag="007">cr |||||||||||</marc:controlfield>
    <marc:controlfield tag="008">150406|2009||||xxc|||||o    f|0| 0 fre|d</marc:controlfield>
    <marc:datafield tag="022" ind1=" " ind2=" ">
      <marc:subfield code="a">1701-1280</marc:subfield>
    </marc:datafield>
    <marc:datafield tag="040" ind1=" " ind2=" ">
      <marc:subfield code="a">CaOODSP</marc:subfield>
      <marc:subfield code="b">fre</marc:subfield>
    </marc:datafield>
    <marc:datafield tag="041" ind1=" " ind2=" ">
      <marc:subfield code="a">eng</marc:subfield>
    </marc:datafield>
    <marc:datafield tag="041" ind1=" " ind2=" ">
      <marc:subfield code="a">fre</marc:subfield>
    </marc:datafield>
    <marc:datafield tag="043" ind1=" " ind2=" ">
      <marc:subfield code="a">n-cn---</marc:subfield>
    </marc:datafield>
    <marc:datafield tag="086" ind1="1" ind2=" ">
      <marc:subfield code="a">Fs70-4/2009-054-PDF</marc:subfield>
    </marc:datafield>
    <marc:datafield tag="110" ind1="1" ind2=" ">
      <marc:subfield code="a">Canada. </marc:subfield>
      <marc:subfield code="b">Ministère des pêches et des océans.</marc:subfield>
    </marc:datafield>
    <marc:datafield tag="245" ind1="1" ind2="0">
      <marc:subfield code="a">Compte rendu de l'examen national par les pairs de zones alternatives de renouvellement de l'eau de ballast pour le trafic maritime dans les régions de Terre-Neuve et de l'Arctique : </marc:subfield>
      <marc:subfield code="h">[ressource électronique]</marc:subfield>
      <marc:subfield code="b">Les 13 et 14 janvier 2009, Winnipeg (Manitoba) / </marc:subfield>
      <marc:subfield code="c">Président de réunion : Patrice Simon. </marc:subfield>
    </marc:datafield>
    <marc:datafield tag="260" ind1=" " ind2=" ">
      <marc:subfield code="a">Ottawa - Ontario : </marc:subfield>
      <marc:subfield code="b">Pêches et Océans Canada </marc:subfield>
      <marc:subfield code="c">Mars 2010.</marc:subfield>
    </marc:datafield>
    <marc:datafield tag="300" ind1=" " ind2=" ">
      <marc:subfield code="a">31p.</marc:subfield>
    </marc:datafield>
    <marc:datafield tag="490" ind1="1" ind2=" ">
      <marc:subfield code="a">Secrétariat canadien de consultation scientifique, série des comptes rendus</marc:subfield>
      <marc:subfield code="x">1701-1280</marc:subfield>
      <marc:subfield code="v">2009/054</marc:subfield>
    </marc:datafield>
    <marc:datafield tag="590" ind1=" " ind2=" ">
      <marc:subfield code="a">14-20-Supp</marc:subfield>
      <marc:subfield code="b">2014-11-25</marc:subfield>
    </marc:datafield>
    <marc:datafield tag="791" ind1=" " ind2=" ">
      <marc:subfield code="t">Proceedings of the National peer review on Alternate Ballast Water Exchange Zones for vessel traffic to Newfoundland and the Arctic : </marc:subfield>
      <marc:subfield code="e">eng</marc:subfield>
      <marc:subfield code="w">(CaOODSP)9.590329</marc:subfield>
    </marc:datafield>
    <marc:datafield tag="830" ind1="#" ind2="0">
      <marc:subfield code="a">Compte rendu (Secrétariat canadien de consultation scientifique)</marc:subfield>
      <marc:subfield code="x">1701-1280</marc:subfield>
      <marc:subfield code="v">2009/054</marc:subfield>
      <marc:subfield code="w">(CaOODSP)9.500508</marc:subfield>
    </marc:datafield>
    <marc:datafield tag="856" ind1="4" ind2="0">
      <marc:subfield code="a">http://publications.gc.ca</marc:subfield>
      <marc:subfield code="q">PDF</marc:subfield>
      <marc:subfield code="s">149 Ko</marc:subfield>
      <marc:subfield code="u">https://publications.gc.ca/collections/collection_2014/mpo-dfo/Fs70-4-2009-054.pdf</marc:subfield>
      <marc:subfield code="y">2009/054</marc:subfield>
    </marc:datafield>
  </marc:record>
</marc:collection>
